[Event "HEM Meister-Turnier"]
[Site "Frankfurt-Zeilsheim"]
[Date "2018.??.??"]
[Round "1.1"]
[White "Lubbe, Nikolas"]
[Black "Bonnaire, Ulrich"]
[Result "1-0"]
[WhiteElo "2453"]
[BlackElo "2208"]
[PlyCount "57"]
[EventDate "2018.??.??"]
[EventType "swiss"]
[EventRounds "9"]
[EventCountry "GER"]
[WhiteTeam "SF Neuberg"]
[BlackTeam "SC Frankfurt-West"]

1. c4 Nf6 2. Nf3 c5 3. g3 b6 4. Bg2 Bb7 5. O-O e6 6. Nc3 Be7 7. Re1 d5 8. cxd5
exd5 9. d4 Nbd7 10. dxc5 bxc5 11. Nh4 Nb6 12. Nf5 O-O 13. a4 a5 14. Qb3 Re8 15.
Bg5 Bc6 16. Nxe7+ Rxe7 17. Rad1 Rb8 18. Qa3 Rd7 19. Qxc5 Bxa4 20. Rd4 Bb3 21.
Qxa5 Ra8 22. Qb4 Bc4 23. b3 Ba6 24. Bxf6 gxf6 25. Red1 Rb8 26. Rg4+ Kh8 27. Qf4
Rd6 28. Rh4 Bc8 29. Nb5 1-0

[Event "HEM Meister-Turnier"]
[Site "Frankfurt-Zeilsheim"]
[Date "2018.??.??"]
[Round "1.2"]
[White "Krastev, Alexander"]
[Black "Zude, Arno"]
[Result "0-1"]
[WhiteElo "2202"]
[BlackElo "2372"]
[PlyCount "68"]
[EventDate "2018.??.??"]
[EventType "swiss"]
[EventRounds "9"]
[EventCountry "GER"]
[WhiteTeam "Biebertaler SF"]
[BlackTeam "SV Hofheim"]

1. e4 e5 2. Nf3 Nc6 3. Bc4 Bc5 4. c3 Nf6 5. d3 O-O 6. O-O d6 7. Bb3 h6 8. Nbd2
a6 9. Re1 Be6 10. h3 Re8 11. Bxe6 Rxe6 12. Nh4 d5 13. Qe2 Qd7 14. Nf5 Rd8 15.
Nb3 Bf8 16. Be3 b6 17. Rad1 a5 18. Qf3 a4 19. Nc1 Kh7 20. g4 g6 21. Ng3 d4 22.
Bd2 a3 23. Nb3 axb2 24. h4 dxc3 25. Bxc3 Rd6 26. g5 Rxd3 27. Rxd3 Qxd3 28. Qxf6
Qxc3 29. Qxf7+ Bg7 30. Rf1 Rf8 31. Qxc7 Qxg3+ 32. fxg3 Rxf1+ 33. Kxf1 b1=Q+ 34.
Kg2 Qxe4+ 0-1

[Event "HEM Meister-Turnier"]
[Site "Frankfurt-Zeilsheim"]
[Date "2018.??.??"]
[Round "1.3"]
[White "Lagunow, Raphael"]
[Black "Bethke, Richard"]
[Result "1-0"]
[WhiteElo "2368"]
[BlackElo "2193"]
[PlyCount "67"]
[EventDate "2018.??.??"]
[EventType "swiss"]
[EventRounds "9"]
[EventCountry "GER"]
[WhiteTeam "SK Zehlendorf"]
[BlackTeam "SF Neuberg"]

1. Nf3 Nf6 2. c4 e6 3. g3 d5 4. Bg2 Be7 5. O-O O-O 6. b3 c5 7. cxd5 exd5 8. d4
b6 9. Bb2 Bb7 10. Nc3 Nc6 11. Rc1 Ne4 12. Na4 Rc8 13. dxc5 Nxc5 14. Nxc5 bxc5
15. Ne1 d4 16. Nd3 Na5 17. Bxb7 Nxb7 18. e3 dxe3 19. fxe3 Bg5 20. Nf4 Re8 21.
Qg4 Bf6 22. Rcd1 Bxb2 23. Rxd8 Rcxd8 24. Rd1 g6 25. Rxd8 Rxd8 26. Qf3 Na5 27.
Qe2 Bc3 28. Qc2 Bf6 29. Qxc5 Rd1+ 30. Kg2 Rd2+ 31. Kf3 Rxa2 32. Nd5 Kg7 33.
Nxf6 Kxf6 34. b4 1-0

[Event "HEM Meister-Turnier"]
[Site "Frankfurt-Zeilsheim"]
[Date "2018.??.??"]
[Round "1.4"]
[White "Hahn, Florian"]
[Black "Lubbe, Melanie"]
[Result "1/2-1/2"]
[WhiteElo "2184"]
[BlackElo "2312"]
[PlyCount "158"]
[EventDate "2018.??.??"]
[EventType "swiss"]
[EventRounds "9"]
[EventCountry "GER"]
[WhiteTeam "SC Herborn"]
[BlackTeam "SF Neuberg"]

1. Nf3 Nf6 2. c4 g6 3. g3 Bg7 4. Bg2 O-O 5. d4 d6 6. Nc3 c6 7. O-O Bf5 8. Ne1
Be6 9. Qd3 d5 10. cxd5 Nxd5 11. Nxd5 cxd5 12. Nf3 Nc6 13. Be3 Qb6 14. Qd2 Rfd8
15. Rfd1 a5 16. Ne5 Nxe5 17. dxe5 Qa6 18. Bd4 a4 19. Rac1 Rac8 20. Bf1 Qa8 21.
Qb4 Qb8 22. f4 Qa8 23. Bc5 Bf8 24. Bg2 Rd7 25. Rc3 Rdc7 26. Rdc1 Qa6 27. Bf1
Bg4 28. e4 Qe6 29. Qxa4 dxe4 30. Bc4 Qf5 31. Be3 Rc6 32. Bd5 Rxc3 33. Rxc3 Rxc3
34. bxc3 Qc8 35. Qd4 Bf3 36. Bxe4 Bxe4 37. Qxe4 Qxc3 38. Bf2 b5 39. Qa8 b4 40.
Kg2 Qc4 41. h4 h5 42. Qa4 e6 43. Qb3 Qe2 44. Kg1 Be7 45. Qa4 Kg7 46. Qb3 Qe4
47. Qb2 Qc4 48. Qb1 Kf8 49. Qb2 Ke8 50. Qd2 Qc3 51. Qe2 Kf8 52. Qa6 Kg7 53. Qe2
f6 54. exf6+ Kxf6 55. Qd1 Kf7 56. Qe2 Bf6 57. Qd1 Ke7 58. Qe2 Qc1+ 59. Kg2 Qc6+
60. Kg1 Bc3 61. Qd3 Kf7 62. Qe2 Kf6 63. Qd3 Qa8 64. Qc2 Qf3 65. Qb1 Qe2 66. Qb3
Qd3 67. a3 bxa3 68. Qxa3 Kf5 69. Qb3 Qf3 70. Qb1+ Qe4 71. Qd1 Bf6 72. Kh2 Bc3
73. Kg1 Bg7 74. Kh2 Bf6 75. Kg1 Qd5 76. Qc2+ Qe4 77. Qd1 Qd5 78. Qc2+ Qe4 79.
Qd1 Qd5 1/2-1/2

[Event "HEM Meister-Turnier"]
[Site "Frankfurt-Zeilsheim"]
[Date "2018.??.??"]
[Round "1.5"]
[White "Alber, Horst"]
[Black "Meyner, Hannes"]
[Result "1-0"]
[WhiteElo "2290"]
[BlackElo "2181"]
[PlyCount "55"]
[EventDate "2018.??.??"]
[EventType "swiss"]
[EventRounds "9"]
[EventCountry "GER"]
[WhiteTeam "SK Marburg"]
[BlackTeam "TG Wehlheiden"]

1. d4 Nf6 2. c4 e6 3. Nf3 d5 4. Nc3 Bb4 5. Bg5 h6 6. Qa4+ Nc6 7. Bxf6 Qxf6 8.
e3 O-O 9. Bd3 a6 10. O-O dxc4 11. Bxc4 Bd7 12. Qc2 Rfe8 13. a3 Bxc3 14. Qxc3 e5
15. d5 Na7 16. Nd2 Qg6 17. Bd3 e4 18. Nxe4 Rxe4 19. Bxe4 Qxe4 20. Qxc7 Bc8 21.
Rfd1 Nb5 22. Qb6 Qg6 23. Qxg6 fxg6 24. e4 Nd6 25. e5 Nc4 26. f4 Bf5 27. Rd4
Nxb2 28. g4 1-0

[Event "HEM Meister-Turnier"]
[Site "Frankfurt-Zeilsheim"]
[Date "2018.??.??"]
[Round "1.6"]
[White "Ruppert, Wolfgang"]
[Black "Dorst, Johannes"]
[Result "0-1"]
[WhiteElo "2165"]
[BlackElo "2269"]
[PlyCount "96"]
[EventDate "2018.??.??"]
[EventType "swiss"]
[EventRounds "9"]
[EventCountry "GER"]
[WhiteTeam "SC Flörsheim"]
[BlackTeam "SK Marburg"]

1. e4 e6 2. d4 d5 3. Nc3 Bb4 4. e5 c5 5. a3 Bxc3+ 6. bxc3 Ne7 7. Nf3 h6 8. Bd3
b6 9. O-O Ba6 10. Ne1 Bxd3 11. Qxd3 O-O 12. f4 Nbc6 13. Nf3 f6 14. exf6 Rxf6
15. Be3 cxd4 16. Nxd4 Qe8 17. Rae1 Nf5 18. Nxf5 Rxf5 19. Re2 Qf7 20. Ref2 h5
21. g3 Rc8 22. h3 Qg6 23. Rg2 Rf6 24. Qe2 Qe4 25. Qd3 Qxd3 26. cxd3 e5 27. f5
Ne7 28. Bg5 Rf7 29. Bxe7 Rxe7 30. Rc2 Kf7 31. Kg2 Rec7 32. Rfc1 Kf6 33. g4 hxg4
34. hxg4 Kg5 35. Kg3 b5 36. Kf3 Rh8 37. Rg1 Rh3+ 38. Ke2 Rh2+ 39. Kd1 Rxc2 40.
Kxc2 d4 41. c4 bxc4 42. dxc4 Rxc4+ 43. Kd3 Rc3+ 44. Ke4 Re3+ 45. Kd5 d3 46. a4
d2 47. Rd1 Re2 48. a5 e4 0-1

[Event "HEM Meister-Turnier"]
[Site "Frankfurt-Zeilsheim"]
[Date "2018.??.??"]
[Round "1.7"]
[White "Lutz, Klaus Juergen"]
[Black "Weber, Samuel"]
[Result "1/2-1/2"]
[WhiteElo "2251"]
[BlackElo "2084"]
[PlyCount "73"]
[EventDate "2018.??.??"]
[EventType "swiss"]
[EventRounds "9"]
[EventCountry "GER"]
[WhiteTeam "SF Neuberg"]
[BlackTeam "SV Oberursel"]

1. e4 e5 2. Nf3 Nc6 3. d4 exd4 4. Nxd4 Nf6 5. Nxc6 bxc6 6. e5 Qe7 7. Qe2 Nd5 8.
c4 Nb6 9. Nc3 Ba6 10. b3 Qe6 11. Qe4 Bb4 12. Bd2 Bxc3 13. Bxc3 d5 14. Qh4 dxc4
15. Be2 Nd5 16. Bxc4 g5 17. Qd4 Bxc4 18. Qxc4 O-O-O 19. O-O-O Rhe8 20. Bb2 Nf4
21. Qa6+ Kb8 22. g3 Nd5 23. Qa5 Nb6 24. Qb4 Rd5 25. Rxd5 cxd5 26. f4 c5 27. Qd2
c4 28. Bd4 Qc6 29. Kb2 Rc8 30. Rc1 gxf4 31. gxf4 Qb5 32. Bxb6 Qxb6 33. Qxd5 c3+
34. Kb1 Qf2 35. Qb5+ Ka8 36. Qd5+ Kb8 37. Qb5+ 1/2-1/2

[Event "HEM Meister-Turnier"]
[Site "Frankfurt-Zeilsheim"]
[Date "2018.??.??"]
[Round "1.8"]
[White "Guelsen, Taylan"]
[Black "Kersten, Uwe"]
[Result "0-1"]
[WhiteElo "2144"]
[BlackElo "2243"]
[PlyCount "126"]
[EventDate "2018.??.??"]
[EventType "swiss"]
[EventRounds "9"]
[EventCountry "GER"]
[WhiteTeam "SG Niederkassel"]
[BlackTeam "Kasseler SK"]

1. d4 Nf6 2. Bf4 d5 3. e3 c5 4. dxc5 Nc6 5. Bb5 e6 6. b4 a5 7. c3 Bd7 8. Qb3
Ne4 9. f3 g5 10. fxe4 gxf4 11. exd5 Qh4+ 12. Kd1 exd5 13. Nf3 Qf6 14. exf4 Qxf4
15. Nbd2 Bg7 16. Re1+ Be6 17. Qxd5 O-O 18. Rxe6 fxe6 19. Qxe6+ Kh8 20. Bxc6
bxc6 21. Rc1 Rad8 22. a3 Rfe8 23. Qxc6 Rxd2+ 24. Nxd2 Rd8 25. Qd6 Rxd6 26. cxd6
Bh6 27. Rc2 Qxd6 28. h3 a4 29. c4 Qd3 30. c5 Qxa3 31. c6 Bf4 32. b5 Qb4 33. c7
Bxc7 34. Rxc7 Qxb5 35. Ra7 Qb4 36. Ra8+ Kg7 37. Ra7+ Kg6 38. Ra6+ Kg5 39. Ra7
a3 40. h4+ Kg6 41. Ra6+ Kf5 42. Ra7 h5 43. Ra6 Qb2 44. Nf1 Qb1+ 45. Kd2 Qxf1
46. Rxa3 Qxg2+ 47. Ke1 Qh1+ 48. Ke2 Qh2+ 49. Kf1 Qxh4 50. Ra5+ Ke6 51. Ra6+ Kd5
52. Ra5+ Kc6 53. Ra6+ Kb5 54. Rg6 Qh3+ 55. Kg1 Qe3+ 56. Kh2 Qf4+ 57. Kg1 Kc4
58. Rc6+ Kd3 59. Ra6 Qe4 60. Ra3+ Ke2 61. Ra7 Qg4+ 62. Kh2 Qh4+ 63. Kg1 Qg3+
0-1

[Event "HEM Meister-Turnier"]
[Site "Frankfurt-Zeilsheim"]
[Date "2018.??.??"]
[Round "1.9"]
[White "Humburg, Philipp"]
[Black "Lesny, Florian"]
[Result "1/2-1/2"]
[WhiteElo "2219"]
[BlackElo "2018"]
[PlyCount "128"]
[EventDate "2018.??.??"]
[EventType "swiss"]
[EventRounds "9"]
[EventCountry "GER"]
[WhiteTeam "Kasseler SK"]
[BlackTeam "SK Niederbrechen"]

1. d4 d5 2. c4 c6 3. Nf3 Nf6 4. e3 e6 5. b3 Nbd7 6. Bb2 Bd6 7. Bd3 O-O 8. O-O
Re8 9. Ne5 c5 10. Nd2 b6 11. Qf3 Qc7 12. Qg3 Bb7 13. f4 cxd4 14. exd4 Ne4 15.
Qe3 Nxd2 16. Qxd2 Nf6 17. Rac1 Qe7 18. f5 Rac8 19. fxe6 fxe6 20. Qg5 Ne4 21.
Qh5 Bxe5 22. Qxe5 Qg5 23. Qxg5 Nxg5 24. cxd5 exd5 25. Bb5 Rf8 26. Ba3 Rxf1+ 27.
Rxf1 h6 28. Bd7 Rc7 29. Be8 Ne4 30. Rf8+ Kh7 31. h4 Nf6 32. Bb5 Kg6 33. Be2 h5
34. Bd6 Rc8 35. Bd3+ Ne4 36. Rxc8 Bxc8 37. Bb8 a6 38. a4 Kf6 39. Bc7 Nd2 40.
Bxb6 Nxb3 41. a5 Nd2 42. Kf2 Nc4 43. Bd8+ Kf7 44. Kg3 Ne3 45. Kf4 Nxg2+ 46. Kg5
Ne3 47. Kxh5 Nf5 48. Kg5 Nxd4 49. Bg6+ Ke6 50. Bb6 Nf3+ 51. Kf4 Nxh4 52. Bb1
Kd6 53. Bf2 g5+ 54. Kxg5 Nf3+ 55. Kf4 Nd2 56. Bd3 Nb3 57. Bb6 Nc5 58. Be2 d4
59. Bc4 Bb7 60. Be2 Kd5 61. Bf3+ Kc4 62. Bxc5 Bxf3 63. Bxd4 Kxd4 64. Kxf3 Kd3
1/2-1/2

[Event "HEM Meister-Turnier"]
[Site "Frankfurt-Zeilsheim"]
[Date "2018.??.??"]
[Round "2.1"]
[White "Dorst, Johannes"]
[Black "Lubbe, Nikolas"]
[Result "0-1"]
[WhiteElo "2269"]
[BlackElo "2453"]
[PlyCount "90"]
[EventDate "2018.??.??"]
[EventType "swiss"]
[EventRounds "9"]
[EventCountry "GER"]
[WhiteTeam "SK Marburg"]
[BlackTeam "SF Neuberg"]

1. e4 d5 2. exd5 Qxd5 3. Nc3 Qa5 4. d4 Nf6 5. Nf3 c6 6. Bc4 Bf5 7. Bd2 e6 8.
Nd5 Qd8 9. Nxf6+ Qxf6 10. Qe2 Bg4 11. O-O-O Be7 12. Kb1 Nd7 13. Bc3 Qf4 14. d5
cxd5 15. Bb5 O-O-O 16. Bxg7 Rhg8 17. Bxd7+ Rxd7 18. Bd4 Bxf3 19. gxf3 Qc7 20.
Qe3 Bg5 21. Qd3 h6 22. Rhg1 Re8 23. Be3 Kb8 24. h4 Bf6 25. Rg4 h5 26. Rf4 Be5
27. Ra4 b6 28. Rg1 Qc6 29. Ra3 d4 30. Bd2 Rc8 31. Rg5 f6 32. Rg6 Rdc7 33. c3
dxc3 34. Bxc3 Qc5 35. Rg2 Qxa3 36. bxa3 Rxc3 37. Qd2 R3c5 38. a4 Rc4 39. Rg1
Rd4 40. Qe1 Rxa4 41. f4 Rxf4 42. a3 Rxh4 43. Rh1 Rhc4 44. Rxh5 Rc2 45. Qg1 f5
0-1

[Event "HEM Meister-Turnier"]
[Site "Frankfurt-Zeilsheim"]
[Date "2018.??.??"]
[Round "2.2"]
[White "Zude, Arno"]
[Black "Alber, Horst"]
[Result "1-0"]
[WhiteElo "2372"]
[BlackElo "2290"]
[PlyCount "66"]
[EventDate "2018.??.??"]
[EventType "swiss"]
[EventRounds "9"]
[EventCountry "GER"]
[WhiteTeam "SV Hofheim"]
[BlackTeam "SK Marburg"]

1. e4 g6 2. d4 Bg7 3. Nf3 d6 4. Bc4 c6 5. Bb3 Nf6 6. Qe2 O-O 7. O-O Bg4 8. Nbd2
Nbd7 9. h3 Bxf3 10. Nxf3 e5 11. dxe5 dxe5 12. Rd1 Qe7 13. c3 Nc5 14. Bc2 Nh5
15. Bg5 Qe8 16. Be3 Nf4 17. Qc4 Nce6 18. a4 Qe7 19. Kh2 c5 20. Qb5 Rfd8 21. Bb3
a6 22. Qc4 Rf8 23. a5 Rac8 24. Qa4 Rc7 25. Rd2 Rfc8 26. Bc4 Nd4 27. Ne1 g5 28.
Bxf4 exf4 29. cxd4 cxd4 30. Bd5 h5 31. Qa3 Qf6 32. Qf3 Qg6 33. Nd3 Re8 1-0

[Event "HEM Meister-Turnier"]
[Site "Frankfurt-Zeilsheim"]
[Date "2018.??.??"]
[Round "2.3"]
[White "Kersten, Uwe"]
[Black "Lagunow, Raphael"]
[Result "1/2-1/2"]
[WhiteElo "2243"]
[BlackElo "2368"]
[PlyCount "124"]
[EventDate "2018.??.??"]
[EventType "swiss"]
[EventRounds "9"]
[EventCountry "GER"]
[WhiteTeam "Kasseler SK"]
[BlackTeam "SK Zehlendorf"]

1. e4 c5 2. Nf3 Nc6 3. d4 cxd4 4. Nxd4 Nf6 5. Nc3 e5 6. Ndb5 d6 7. Bg5 a6 8.
Na3 b5 9. Nd5 Be7 10. Bxf6 Bxf6 11. c3 O-O 12. Nc2 Bg5 13. a4 bxa4 14. Rxa4 a5
15. Bc4 Rb8 16. b3 Kh8 17. O-O g6 18. b4 Bd7 19. Ra2 f5 20. Qa1 axb4 21. Ncxb4
fxe4 22. Re1 Nxb4 23. cxb4 Bf5 24. Qc3 Qd7 25. Qb3 Bd8 26. Rea1 Be6 27. Ra7 Rb7
28. Rxb7 Qxb7 29. Ne3 Bxc4 30. Qxc4 Bb6 31. Rd1 Bd4 32. Rxd4 exd4 33. Qxd4+ Qg7
34. Qxd6 Qf6 35. Qxf6+ Rxf6 36. Kf1 Rb6 37. Nd5 Rb5 38. Nc3 Rxb4 39. Ke2 Rc4
40. Nb1 Kg7 41. Nd2 Ra4 42. Ke3 Kf6 43. Nxe4+ Ke5 44. Nd2 Ra3+ 45. Ke2 Kf4 46.
h3 g5 47. g3+ Kf5 48. Kf1 Ra2 49. Nf3 h6 50. g4+ Ke4 51. Kg2 Ra3 52. Nd2+ Kf4
53. Nc4 Rc3 54. Ne3 Rd3 55. Nf1 Ra3 56. Ng3 Ke5 57. Nf1 Ke4 58. Nd2+ Kd3 59.
Nf3 Rc3 60. Ng1 Kd2 61. Nf3+ Kd1 62. Nd4 Ke1 1/2-1/2

[Event "HEM Meister-Turnier"]
[Site "Frankfurt-Zeilsheim"]
[Date "2018.??.??"]
[Round "2.4"]
[White "Lubbe, Melanie"]
[Black "Humburg, Philipp"]
[Result "0-1"]
[WhiteElo "2312"]
[BlackElo "2219"]
[PlyCount "70"]
[EventDate "2018.??.??"]
[EventType "swiss"]
[EventRounds "9"]
[EventCountry "GER"]
[WhiteTeam "SF Neuberg"]
[BlackTeam "Kasseler SK"]

1. e4 e5 2. Nf3 Nc6 3. d4 exd4 4. Nxd4 Bc5 5. Nb3 Bb6 6. Nc3 d6 7. Qe2 Nge7 8.
Be3 O-O 9. O-O-O Bxe3+ 10. Qxe3 f5 11. f4 fxe4 12. Qxe4 Bf5 13. Qf3 a5 14. a3
a4 15. Nd4 Nxd4 16. Rxd4 Nc6 17. Rd2 Kh8 18. Bb5 Na5 19. Nxa4 c6 20. Be2 b5 21.
Nc3 b4 22. Nb1 Qb6 23. g4 bxa3 24. Nxa3 Rfb8 25. Qc3 Be4 26. Rf1 d5 27. f5 c5
28. Bb5 d4 29. Qg3 Nc4 30. Bxc4 Qxb2+ 31. Kd1 Rxa3 32. Bb3 Re8 33. Rdf2 d3 34.
f6 dxc2+ 35. Rxc2 Bxc2+ 0-1

[Event "HEM Meister-Turnier"]
[Site "Frankfurt-Zeilsheim"]
[Date "2018.??.??"]
[Round "2.5"]
[White "Lesny, Florian"]
[Black "Lutz, Klaus Juergen"]
[Result "1/2-1/2"]
[WhiteElo "2018"]
[BlackElo "2251"]
[PlyCount "26"]
[EventDate "2018.??.??"]
[EventType "swiss"]
[EventRounds "9"]
[EventCountry "GER"]
[WhiteTeam "SK Niederbrechen"]
[BlackTeam "SF Neuberg"]

1. e4 Nf6 2. e5 Nd5 3. d4 d6 4. c4 Nb6 5. exd6 exd6 6. Nf3 Bg4 7. Be2 Be7 8. b3
O-O 9. O-O Bf6 10. Bb2 Nc6 11. Nbd2 Re8 12. Re1 d5 13. c5 Nc8 1/2-1/2

[Event "HEM Meister-Turnier"]
[Site "Frankfurt-Zeilsheim"]
[Date "2018.??.??"]
[Round "2.6"]
[White "Weber, Samuel"]
[Black "Hahn, Florian"]
[Result "1-0"]
[WhiteElo "2084"]
[BlackElo "2184"]
[PlyCount "71"]
[EventDate "2018.??.??"]
[EventType "swiss"]
[EventRounds "9"]
[EventCountry "GER"]
[WhiteTeam "SV Oberursel"]
[BlackTeam "SC Herborn"]

1. Nf3 c5 2. g3 Nc6 3. Bg2 g6 4. O-O Bg7 5. d3 e5 6. c4 Nge7 7. Nc3 d6 8. Rb1
O-O 9. a3 a5 10. b3 Be6 11. Ng5 Bg4 12. h3 Be6 13. Nb5 h6 14. Ne4 Nc8 15. Bb2
f5 16. Nec3 N8e7 17. e3 Qd7 18. Na4 Ra6 19. d4 cxd4 20. exd4 exd4 21. Nxd4 Nxd4
22. Bxd4 f4 23. Bxg7 Kxg7 24. Re1 Nc6 25. Kh2 f3 26. Bf1 Rf5 27. c5 Rh5 28. h4
g5 29. Qxd6 gxh4 30. g4 Bxg4 31. Bxa6 bxa6 32. Rbd1 Qf5 33. Qxc6 Qf4+ 34. Kh1
Rg5 35. Re7+ Kf8 36. Qe8# 1-0

[Event "HEM Meister-Turnier"]
[Site "Frankfurt-Zeilsheim"]
[Date "2018.??.??"]
[Round "2.7"]
[White "Bonnaire, Ulrich"]
[Black "Everett, Elijah"]
[Result "0-1"]
[WhiteElo "2208"]
[BlackElo "2160"]
[PlyCount "78"]
[EventDate "2018.??.??"]
[EventType "swiss"]
[EventRounds "9"]
[EventCountry "GER"]
[WhiteTeam "SC Frankfurt-West"]
[BlackTeam "SF Schöneck"]

1. e4 c5 2. Nf3 d6 3. Bb5+ Nd7 4. O-O a6 5. Bxd7+ Bxd7 6. c4 Nf6 7. Nc3 g6 8.
d4 cxd4 9. Nxd4 Bg7 10. f3 Qb6 11. Be3 Qxb2 12. Qd3 Qa3 13. Rfb1 Bc8 14. Nb3
O-O 15. Rd1 Be6 16. Rab1 Rfc8 17. Nd5 Bxd5 18. cxd5 Nd7 19. Qd2 Ne5 20. Qe2 b5
21. Bc1 Qa4 22. Nd4 Rc4 23. Be3 Rac8 24. f4 Nd7 25. Nc6 Rxe4 26. Rbc1 Nc5 27.
Qf3 f5 28. Qf2 Kf8 29. Bxc5 dxc5 30. Qxc5 Bd4+ 31. Rxd4 Qxd4+ 32. Nxd4 Rxc5 33.
Ne6+ Rxe6 34. Rxc5 Re2 35. Rc8+ Kf7 36. a4 bxa4 37. Ra8 a3 38. Rxa6 a2 39. h3
Re1+ 0-1

[Event "HEM Meister-Turnier"]
[Site "Frankfurt-Zeilsheim"]
[Date "2018.??.??"]
[Round "2.8"]
[White "Meyner, Hannes"]
[Black "Krastev, Alexander"]
[Result "1/2-1/2"]
[WhiteElo "2181"]
[BlackElo "2202"]
[PlyCount "67"]
[EventDate "2018.??.??"]
[EventType "swiss"]
[EventRounds "9"]
[EventCountry "GER"]
[WhiteTeam "TG Wehlheiden"]
[BlackTeam "Biebertaler SF"]

1. d4 Nf6 2. c4 c5 3. d5 g6 4. Nc3 Bg7 5. e4 O-O 6. Bd3 d6 7. h3 e6 8. Nf3 exd5
9. exd5 Re8+ 10. Be3 Nbd7 11. O-O a6 12. Bf4 b5 13. cxb5 Nb6 14. Bh2 c4 15. Bc2
Bb7 16. bxa6 Rxa6 17. Nb5 Nbxd5 18. Qd2 Qd7 19. a4 Ne4 20. Bxe4 Rxe4 21. Rfe1
Re6 22. Nfd4 Rxe1+ 23. Rxe1 Rxa4 24. Nxd6 Ra8 25. Nxb7 Qxb7 26. Be5 h6 27. Bxg7
Kxg7 28. Nf3 Ra7 29. Qd4+ Nf6 30. Re2 Qc7 31. Re1 Qd7 32. Qc3 Qd3 33. Ne5 Qxc3
34. bxc3 1/2-1/2

[Event "HEM Meister-Turnier"]
[Site "Frankfurt-Zeilsheim"]
[Date "2018.??.??"]
[Round "2.9"]
[White "Bethke, Richard"]
[Black "Ruppert, Wolfgang"]
[Result "1/2-1/2"]
[WhiteElo "2193"]
[BlackElo "2165"]
[PlyCount "106"]
[EventDate "2018.??.??"]
[EventType "swiss"]
[EventRounds "9"]
[EventCountry "GER"]
[WhiteTeam "SF Neuberg"]
[BlackTeam "SC Flörsheim"]

1. e4 e6 2. d4 d5 3. Nd2 Nc6 4. Ngf3 Nf6 5. e5 Nd7 6. Bb5 a6 7. Bxc6 bxc6 8.
Nb3 a5 9. a4 Bb4+ 10. Bd2 O-O 11. c3 Be7 12. c4 Bb4 13. c5 f6 14. Bxb4 axb4 15.
Qe2 Ba6 16. Qe3 Bc4 17. Nbd2 Ba6 18. exf6 Qxf6 19. O-O-O b3 20. Rhe1 Rfe8 21.
Qxb3 e5 22. dxe5 Qe7 23. Re3 Nxc5 24. Qc2 Bb7 25. b3 Ne6 26. g3 Rf8 27. Nb1 c5
28. Nh4 d4 29. Ree1 g6 30. Kb2 Rab8 31. f4 Bd5 32. Nd2 Qd7 33. f5 gxf5 34. Nxf5
Bxb3 35. Nxb3 c4 36. Qxc4 Rxf5 37. Rf1 Rxf1 38. Rxf1 Kg7 39. Rf6 Rb6 40. a5 Rc6
41. Qe2 d3 42. Qg4+ Kh8 43. Qf5 Kg7 44. Qg4+ Kh8 45. Qf5 Qd5 46. Rf7 Qxb3+ 47.
Kxb3 Nd4+ 48. Kb4 Nxf5 49. Rxf5 d2 50. Rf8+ Kg7 51. Rd8 Rd6 52. exd6 d1=Q 53.
dxc7 Qb1+ 1/2-1/2

[Event "HEM Meister-Turnier"]
[Site "Frankfurt-Zeilsheim"]
[Date "2018.??.??"]
[Round "3.1"]
[White "Lubbe, Nikolas"]
[Black "Zude, Arno"]
[Result "1-0"]
[WhiteElo "2453"]
[BlackElo "2372"]
[PlyCount "81"]
[EventDate "2018.??.??"]
[EventType "swiss"]
[EventRounds "9"]
[EventCountry "GER"]
[WhiteTeam "SF Neuberg"]
[BlackTeam "SV Hofheim"]

1. d4 d5 2. Nf3 e6 3. c4 Nf6 4. Nc3 Be7 5. Bf4 O-O 6. e3 b6 7. Bd3 dxc4 8. Bxc4
Ba6 9. Bxa6 Nxa6 10. Qe2 Qc8 11. O-O c5 12. Rac1 Qb7 13. Nb5 Nd5 14. Bd6 Rfd8
15. Bxe7 Nxe7 16. Rfd1 cxd4 17. Nfxd4 Rd7 18. Nf3 Rad8 19. Ne5 Rd5 20. e4 Rxd1+
21. Rxd1 Qb8 22. Nxa7 Nc5 23. Nac6 Nxc6 24. Nxc6 Rxd1+ 25. Qxd1 Qc7 26. f3 g6
27. Nd4 e5 28. Nb5 Qc6 29. Nc3 Ne6 30. Qd5 Qc7 31. g3 h5 32. Kg2 h4 33. Qd2 Qc5
34. Nd5 Qc4 35. Qh6 Qe2+ 36. Kh3 Ng7 37. Nf6+ Kf8 38. Qh8+ Ke7 39. Nd5+ Kd7 40.
Qxg7 Qxf3 41. Qxe5 1-0

[Event "HEM Meister-Turnier"]
[Site "Frankfurt-Zeilsheim"]
[Date "2018.??.??"]
[Round "3.2"]
[White "Lagunow, Raphael"]
[Black "Weber, Samuel"]
[Result "1-0"]
[WhiteElo "2368"]
[BlackElo "2084"]
[PlyCount "77"]
[EventDate "2018.??.??"]
[EventType "swiss"]
[EventRounds "9"]
[EventCountry "GER"]
[WhiteTeam "SK Zehlendorf"]
[BlackTeam "SV Oberursel"]

1. e4 e5 2. Nf3 Nc6 3. Bc4 Bc5 4. d3 Nf6 5. Nc3 d6 6. Na4 a6 7. Nxc5 dxc5 8. a4
O-O 9. h3 Qe7 10. O-O Be6 11. b3 Rfd8 12. Qe2 Bxc4 13. bxc4 Nd7 14. Nh2 Nf8 15.
Ng4 Nd4 16. Qd1 Rd7 17. Ne3 c6 18. a5 Ng6 19. g3 Ne6 20. h4 Qf8 21. h5 Ne7 22.
Qg4 Rad8 23. Ba3 Kh8 24. f4 exf4 25. gxf4 Ng8 26. Nf5 g6 27. hxg6 fxg6 28. Ng3
Nd4 29. Rf2 Nf6 30. Qg5 Ne6 31. Qe5 Re8 32. Rg2 Kg8 33. Nf5 Kf7 34. Ne3 Nh5 35.
Rf1 Qh6 36. Ng4 Qf8 37. f5 Nef4 38. Rxf4 g5 39. Qe6+ 1-0

[Event "HEM Meister-Turnier"]
[Site "Frankfurt-Zeilsheim"]
[Date "2018.??.??"]
[Round "3.3"]
[White "Humburg, Philipp"]
[Black "Kersten, Uwe"]
[Result "1-0"]
[WhiteElo "2219"]
[BlackElo "2243"]
[PlyCount "65"]
[EventDate "2018.??.??"]
[EventType "swiss"]
[EventRounds "9"]
[EventCountry "GER"]
[WhiteTeam "Kasseler SK"]
[BlackTeam "Kasseler SK"]

1. e4 c5 2. Nf3 d6 3. d4 cxd4 4. Nxd4 Nf6 5. Nc3 a6 6. h3 e6 7. g4 h6 8. Bg2 g5
9. Be3 Nfd7 10. Qe2 Ne5 11. h4 Rg8 12. hxg5 hxg5 13. O-O-O Bd7 14. f4 gxf4 15.
Bxf4 Nbc6 16. Kb1 Nxd4 17. Rxd4 Qa5 18. Rh5 Rc8 19. Qd1 Qc7 20. Bf1 Bc6 21. Be2
Qb8 22. Rh7 b5 23. Qf1 Rc7 24. g5 b4 25. Nd1 Ng6 26. Bxd6 Bxd6 27. Rxd6 Bxe4
28. Bd3 Bxd3 29. Qxd3 Ne5 30. Qxa6 Nc4 31. Rxe6+ Kf8 32. Re2 Rd7 33. Qh6+ 1-0

[Event "HEM Meister-Turnier"]
[Site "Frankfurt-Zeilsheim"]
[Date "2018.??.??"]
[Round "3.5"]
[White "Everett, Elijah"]
[Black "Dorst, Johannes"]
[Result "1/2-1/2"]
[WhiteElo "2160"]
[BlackElo "2269"]
[PlyCount "111"]
[EventDate "2018.??.??"]
[EventType "swiss"]
[EventRounds "9"]
[EventCountry "GER"]
[WhiteTeam "SF Schöneck"]
[BlackTeam "SK Marburg"]

1. e4 e6 2. d4 d5 3. Nc3 Bb4 4. e5 c5 5. a3 Bxc3+ 6. bxc3 Ne7 7. Qg4 Qc7 8.
Qxg7 Rg8 9. Qxh7 cxd4 10. Ne2 Nbc6 11. f4 dxc3 12. Qd3 d4 13. Nxd4 Nxd4 14.
Qxd4 Bd7 15. Rg1 Nf5 16. Qf2 Qc6 17. Bd3 Qd5 18. Be3 Bc6 19. g4 Nxe3 20. Qxe3
O-O-O 21. h4 Kb8 22. h5 Qf3 23. Qxf3 Bxf3 24. Kf2 Bxg4 25. h6 Bf5 26. Rxg8 Rxg8
27. Bxf5 exf5 28. Rg1 Rh8 29. Rg7 Rxh6 30. Rxf7 Ra6 31. Rxf5 Rxa3 32. e6 Kc7
33. Rf7+ Kd6 34. e7 Kd7 35. Ke3 Ra1 36. e8=B+ Kxe8 37. Rxb7 a5 38. Rc7 a4 39.
Kd3 a3 40. Kxc3 Rf1 41. Kb3 Rxf4 42. Kxa3 Kd8 43. Rh7 Kc8 44. Kb3 Rg4 45. c4
Rg3+ 46. Kb4 Rg5 47. c5 Rg4+ 48. Kb5 Rg6 49. Rf7 Rh6 50. Rf8+ Kc7 51. Ra8 Kb7
52. Ra1 Rg6 53. Re1 Rh6 54. Re7+ Kc8 55. c6 Rh1 56. Re8+ 1/2-1/2